|
|
|
|
| LEADER |
00916nam a22002297a 4500 |
| 003 |
GR-PaULI |
| 005 |
20210117211141.0 |
| 007 |
ta |
| 008 |
200904s1942 - ||||f |||| 00| 0 eng d |
| 952 |
|
|
|0 0
|1 0
|2 nlm
|4 0
|6 WB_100_GOR
|7 1
|9 243127
|a MEDI
|b MEDI
|c DON
|d 2020-09-04
|i 6927
|l 0
|o WB 100 GOR
|p 025000176281
|r 2020-09-04 00:00:00
|t 1
|v 2020.00
|w 2020-09-04
|y BKN
|z Δωρεά Β. Βαλαώρα (αίθουσα δωρεών)
|
| 999 |
|
|
|c 146714
|d 146714
|
| 040 |
|
|
|a GR-PaULI
|b gre
|c GR-PaULI
|e AACR2
|
| 060 |
|
|
|a WB 100
|
| 100 |
1 |
|
|9 111554
|a Gordon, Burgess L.
|e επιμελητής
|
| 245 |
1 |
0 |
|a Hughes's practice of medicine /
|c revised and edited by Burgess Gordon.
|
| 250 |
|
|
|a 16th edition
|
| 260 |
|
|
|a Philadelphia :
|b The Blakiston Company,
|c 1942.
|
| 300 |
|
|
|a xxv, 791 σ. ;
|c 23 εκ.
|
| 500 |
|
|
|a Περιλαμβάνει ευρετήριο.
|
| 650 |
|
4 |
|9 7487
|a Ιατρική
|
| 942 |
|
|
|2 nlm
|c BKN
|
| 998 |
|
|
|c ΜΑΝΙΑΚΗ
|d 2020
|